Геологические основы разработки нефтяных месторождений: учебное пособие
| Автор: | |
|---|---|
| Співавтор: | |
| Резюме: | Заглавие с титульного экрана Электронная версия печатной публикации Режим доступа: из сети НТБ ТПУ |
| Мова: | Російська |
| Опубліковано: |
Томск, Изд-во ТПУ, 2003
|
| Серія: | Учебники Томского политехнического университета |
| Предмети: | |
| Онлайн доступ: | http://www.lib.tpu.ru/fulltext3/m/2008/m46.pdf |
| Формат: | MixedMaterials Електронний ресурс Книга |
| KOHA link: | https://koha.lib.tpu.ru/cgi-bin/koha/opac-detail.pl?biblionumber=145233 |
MARC
| LEADER | 00000nlm0a2200000 4500 | ||
|---|---|---|---|
| 001 | 145233 | ||
| 005 | 20231225150355.0 | ||
| 035 | |a (RuTPU)RU\TPU\book\157433 | ||
| 090 | |a 145233 | ||
| 100 | |a 20081015d2003 k y0rusy50 ca | ||
| 101 | 0 | |a rus | |
| 102 | |a RU | ||
| 105 | |a a j 000zy | ||
| 135 | |a vrcn ---uucaa | ||
| 181 | 0 | |a i | |
| 182 | 0 | |a b | |
| 200 | 1 | |a Геологические основы разработки нефтяных месторождений |e учебное пособие |f С. В. Зимина |g Томский политехнический университет (ТПУ) | |
| 203 | |a Текст |c электронный | ||
| 210 | |a Томск |c Изд-во ТПУ |d 2003 | ||
| 225 | 1 | |a Учебники Томского политехнического университета | |
| 300 | |a Заглавие с титульного экрана | ||
| 300 | |a Электронная версия печатной публикации | ||
| 333 | |a Режим доступа: из сети НТБ ТПУ | ||
| 337 | |a Adobe Reader | ||
| 452 | 1 | |0 (RuTPU)RU\TPU\book\78710 |t Геологические основы разработки нефтяных и газовых месторождений |o учебное пособие |f С. В. Зимина |g Томский политехнический университет |c Томск |n Изд-во ТПУ |d 2004 |p 175 с. |s Учебники Томского политехнического университета |a Зимина, Светлана Валерьевна | |
| 610 | 1 | |a нефтегазопромысловая геология | |
| 610 | 1 | |a углеводороды | |
| 610 | 1 | |a природные резервуары | |
| 610 | 1 | |a пластовые флюиды | |
| 610 | 1 | |a нефтяные месторождения | |
| 610 | 1 | |a газовые месторождения | |
| 610 | 1 | |a нефть | |
| 610 | 1 | |a газ | |
| 610 | 1 | |a конденсат | |
| 610 | 1 | |a запасы | |
| 610 | 1 | |a разработка | |
| 610 | 1 | |a проектирование | |
| 610 | 1 | |a геологические данные | |
| 610 | 1 | |a добыча | |
| 610 | 1 | |a недра | |
| 610 | 1 | |a окружающая среда | |
| 610 | 1 | |a охрана | |
| 610 | 1 | |a учебные пособия | |
| 610 | 1 | |a электронный ресурс | |
| 675 | |a 553.982:550.83(075.8) |v 3 | ||
| 675 | |a 622.276(075.8) |v 3 | ||
| 700 | 1 | |a Зимина |b С. В. |c горный инженер-геолог |c доцент Томского политехнического университета, кандидат геолого-минералогических наук |f 1970- |g Светлана Валерьевна |3 (RuTPU)RU\TPU\pers\26248 |9 12034 | |
| 712 | 0 | 2 | |a Томский политехнический университет (ТПУ) |c (1991- ) |3 (RuTPU)RU\TPU\col\376 |
| 801 | 1 | |a RU |b 63413507 |c 20081015 |g PSBO | |
| 801 | 2 | |a RU |b 63413507 |c 20190523 |g PSBO | |
| 856 | 4 | |u http://www.lib.tpu.ru/fulltext3/m/2008/m46.pdf | |
| 942 | |c CF | ||